[Event "DVM U20 2012"]
[Site "Osnabrück GER"]
[Date "2012.12.29"]
[Round "6"]
[White "Streich, Justus"]
[Black "Wagner, Robert"]
[Result "0-1"]
[Termination "normal"]
[Board "4.6"]
[WhiteElo "1949"]
[BlackElo "1806"]
[WhiteTeam "Königsspringer Hamburg"]
[BlackTeam "SC Forchheim"]
[WhiteFideId "24697168"]
[BlackFideId "24656879"]
[EventCountry "GER"]
[EventRounds "7"]
[EventType "team-swiss"]
[EventDate "2012.12.26"]

1. e4 c5 2. Nc3 d6 3. g3 Nc6 4. Bg2 g6 5. d3 Bg7 6. Be3 e6 7. Qd2 Rb8 8. Nf3
Nd4 9. O-O Ne7 10. a4 O-O 11. Bh6 d5 12. Bxg7 Nxf3+ 13. Bxf3 Kxg7 14. exd5 exd5
15. Qe3 Qd6 16. Rfe1 Be6 17. Qe5+ Qxe5 18. Rxe5 Nc6 19. Ree1 Nd4 20. Bd1 Rfe8
21. f4 Bd7 22. Rxe8 Rxe8 23. Nxd5 Bc6 24. Nc3 Re1+ 25. Kf2 Rh1 26. Ne2 Nxc2 27.
Rc1 Rxh2+ 28. Kg1 Rg2+ 29. Kf1 Ne3+ 30. Ke1 Nxd1 31. Rxd1 Bf3 32. Rd2 Rxe2+ 33.
Rxe2 Bxe2 34. Kxe2 h5 35. Ke3 Kf6 36. Ke4 Ke6 37. a5 f6 38. b3 g5 0-1

[Event "DVM U20 2012"]
[Site "Osnabrück GER"]
[Date "2012.12.29"]
[Round "6"]
[White "Linnemann, Niklas"]
[Black "Moritz, Aron"]
[Result "0-1"]
[Termination "normal"]
[Board "5.1"]
[WhiteElo "1942"]
[BlackElo "2165"]
[WhiteTeam "TuS Coswig 1920"]
[BlackTeam "SV Empor Berlin"]
[WhiteFideId "24695645"]
[BlackFideId "24672319"]
[EventCountry "GER"]
[EventRounds "7"]
[EventType "team-swiss"]
[EventDate "2012.12.26"]

1. e4 c5 2. Nf3 d6 3. d4 cxd4 4. Nxd4 Nf6 5. Nc3 Bd7 6. f3 e5 7. Nb3 Be7 8. Bc4
O-O 9. O-O b5 10. Bd5 Qb6+ 11. Kh1 Nc6 12. Bg5 b4 13. Bxf6 Bxf6 14. Ne2 Rac8
15. c3 a5 16. c4 Ne7 17. Rc1 a4 18. Nd2 Nxd5 19. exd5 g6 20. b3 Bg7 21. f4 f5
22. fxe5 dxe5 23. Nf3 Qc5 24. Qd2 Ra8 25. Ne1 e4 26. Nc2 axb3 27. axb3 Ra2 28.
Ned4 f4 29. Ra1 e3 30. Qd1 e2 31. Qxe2 Rxa1 0-1

[Event "DVM U20 2012"]
[Site "Osnabrück GER"]
[Date "2012.12.29"]
[Round "6"]
[White "Sivakumaran, Ramash"]
[Black "Müller, Richard"]
[Result "0-1"]
[Termination "normal"]
[Board "5.2"]
[WhiteElo "1875"]
[BlackElo "2078"]
[WhiteTeam "SV Empor Berlin"]
[BlackTeam "TuS Coswig 1920"]
[WhiteFideId "9909524"]
[BlackFideId "24647128"]
[EventCountry "GER"]
[EventRounds "7"]
[EventType "team-swiss"]
[EventDate "2012.12.26"]

1. c4 Nf6 2. g3 g6 3. Bg2 d5 4. cxd5 Nxd5 5. Nc3 Nb6 6. Nf3 Bg7 7. O-O O-O 8.
d3 Nc6 9. Be3 e5 10. Qd2 Re8 11. Bg5 f6 12. Bh6 Bh8 13. Rfc1 Ne7 14. Qd1 Nf5
15. Bd2 c6 16. b4 Qe7 17. b5 Bd7 18. bxc6 Bxc6 19. a4 Bg7 20. a5 Nd7 21. Qb3+
Kh8 22. Ne4 Bf8 23. Rab1 Rac8 24. Bh3 Rb8 25. Bb4 Qg7 26. Nc5 Nxc5 27. Bxc5
Bxc5 28. Rxc5 Bxf3 29. exf3 Nd4 30. Qd1 b6 31. Rd5 Qb7 32. Rd7 Qc6 33. Rc1 Qxc1
34. Qxc1 Ne2+ 0-1

[Event "DVM U20 2012"]
[Site "Osnabrück GER"]
[Date "2012.12.29"]
[Round "6"]
[White "Kieslich, Aaron"]
[Black "Salz, Matthias"]
[Result "1/2-1/2"]
[Termination "normal"]
[Board "5.3"]
[WhiteElo "1995"]
[BlackElo "1672"]
[WhiteTeam "TuS Coswig 1920"]
[BlackTeam "SV Empor Berlin"]
[WhiteFideId "1270391"]
[BlackFideId "12943312"]
[EventCountry "GER"]
[EventRounds "7"]
[EventType "team-swiss"]
[EventDate "2012.12.26"]

1. d4 Nf6 2. c4 g6 3. Nc3 Bg7 4. e4 d6 5. f3 O-O 6. Be3 Nc6 7. Qd2 a6 8. Nge2
Rb8 9. Rb1 b5 10. cxb5 axb5 11. b4 Bd7 12. Ng3 h5 13. h4 Na7 14. Be2 Nc8 15.
O-O c6 16. Nh1 Nb6 17. Nf2 Ra8 18. Nfd1 Be6 19. Ra1 Nc4 20. Bxc4 Bxc4 21. Rf2
Nd7 22. d5 cxd5 23. exd5 Nb6 24. Bd4 Bxd4 25. Qxd4 Qc7 26. Ne3 Qb7 27. Nxc4
Nxc4 28. a4 Nb6 29. a5 Rfc8 30. Rc1 Nxd5 31. Rfc2 Nxc3 32. Rxc3 Rxc3 33. Rxc3
d5 34. Rc5 e6 35. Qc3 Qd7 36. Rc7 Qd8 37. Qc6 Rb8 38. g3 Qf6 39. a6 1/2-1/2

[Event "DVM U20 2012"]
[Site "Osnabrück GER"]
[Date "2012.12.29"]
[Round "6"]
[White "Merker, Konstantin"]
[Black "Alcer, Fabian"]
[Result "1-0"]
[Termination "normal"]
[Board "5.5"]
[WhiteElo "1727"]
[BlackElo "1726"]
[WhiteTeam "TuS Coswig 1920"]
[BlackTeam "SV Empor Berlin"]
[WhiteFideId "12964239"]
[BlackFideId "24693898"]
[EventCountry "GER"]
[EventRounds "7"]
[EventType "team-swiss"]
[EventDate "2012.12.26"]

1. d4 Nf6 2. c4 c5 3. d5 b5 4. e3 g6 5. Nf3 d6 6. Be2 Bg7 7. O-O O-O 8. cxb5 a6
9. Nc3 Nbd7 10. bxa6 Bxa6 11. Bxa6 Rxa6 12. e4 Qa5 13. Re1 Rb8 14. e5 dxe5 15.
Nxe5 Nxe5 16. Rxe5 Nxd5 17. Rxd5 Bxc3 18. bxc3 Qxc3 19. Bh6 Rd6 20. Rxd6 exd6
21. a4 d5 22. a5 Qf6 23. Rb1 Rd8 24. Rb6 Qc3 25. a6 Qa5 26. Qb1 f6 27. h3 d4
28. Rb8 Rxb8 29. Qxb8+ Kf7 30. a7 Qe1+ 31. Kh2 1-0

[Event "DVM U20 2012"]
[Site "Osnabrück GER"]
[Date "2012.12.29"]
[Round "6"]
[White "Scheinhütte, Jakob"]
[Black "von Koslowski, Utz"]
[Result "0-1"]
[Termination "normal"]
[Board "5.6"]
[WhiteElo "1659"]
[BlackElo "1691"]
[WhiteTeam "SV Empor Berlin"]
[BlackTeam "TuS Coswig 1920"]
[WhiteFideId "24693944"]
[BlackFideId "12964247"]
[EventCountry "GER"]
[EventRounds "7"]
[EventType "team-swiss"]
[EventDate "2012.12.26"]

1. e4 c5 2. Nf3 d6 3. c3 g6 4. h3 Bg7 5. d4 cxd4 6. cxd4 Nf6 7. Bd3 Nc6 8. Nc3
Bd7 9. O-O O-O 10. Be3 a6 11. Rc1 Rc8 12. Qd2 Qa5 13. a3 h6 14. d5 Ne5 15. Nxe5
dxe5 16. Bxh6 Kh7 17. Bxg7 Kxg7 18. Rc2 Rh8 19. Ne2 Qd8 20. Rxc8 Qxc8 21. Rc1
Qg8 22. Qc3 Qh7 23. Qxe5 Re8 24. Rc7 Kg8 25. Rxb7 Qh6 26. Bxa6 Qd2 27. Rb8 Qe1+
28. Kh2 Qxf2 29. Rxe8+ Bxe8 30. Ng3 Qd2 31. Be2 Kf8 32. Bf3 Bd7 33. d6 Qxd6 34.
Qxd6 exd6 35. Ne2 Ke7 36. Nf4 Ba4 37. Nd5+ Nxd5 38. exd5 Kf6 39. Kg3 Ke5 40.
Kg4 f6 41. b4 Bd7+ 42. Kh4 Bb5 43. g4 Kf4 44. Bd1 Be8 0-1

[Event "DVM U20 2012"]
[Site "Osnabrück GER"]
[Date "2012.12.29"]
[Round "6"]
[White "Grunau, Christoph"]
[Black "Hobusch, Alexander"]
[Result "1/2-1/2"]
[Termination "normal"]
[Board "6.1"]
[WhiteElo "1961"]
[BlackElo "2177"]
[WhiteTeam "SC Heitersheim"]
[BlackTeam "SG Solingen"]
[WhiteFideId "12929760"]
[BlackFideId "24611387"]
[EventCountry "GER"]
[EventRounds "7"]
[EventType "team-swiss"]
[EventDate "2012.12.26"]

1. d4 d5 2. c4 e6 3. Nf3 Nf6 4. g3 dxc4 5. Bg2 Nc6 6. Qa4 Bb4+ 7. Bd2 Bd6 8.
Qxc4 O-O 9. O-O e5 10. dxe5 Nxe5 11. Nxe5 Bxe5 12. Bc3 Qe7 13. Bb4 Bd6 14. Bxd6
Qxd6 15. Nc3 c6 16. Rfd1 Qe7 17. Rd2 Be6 18. Qf4 Rfd8 19. Rad1 h6 20. Bf3 Rxd2
21. Qxd2 1/2-1/2

[Event "DVM U20 2012"]
[Site "Osnabrück GER"]
[Date "2012.12.29"]
[Round "6"]
[White "Kyas, Marcel"]
[Black "Winter, Philipp"]
[Result "1-0"]
[Termination "normal"]
[Board "6.2"]
[WhiteElo "2145"]
[BlackElo "1917"]
[WhiteTeam "SG Solingen"]
[BlackTeam "SC Heitersheim"]
[WhiteFideId "24642037"]
[BlackFideId "1270635"]
[EventCountry "GER"]
[EventRounds "7"]
[EventType "team-swiss"]
[EventDate "2012.12.26"]

1. d4 d5 2. c4 c6 3. Nf3 Nf6 4. Qc2 dxc4 5. Qxc4 Bf5 6. g3 e6 7. Bg2 Nbd7 8.
O-O Bd6 9. Nc3 O-O 10. Nh4 Nb6 11. Qb3 Bg6 12. Nxg6 hxg6 13. Rd1 Qc7 14. Bg5 e5
15. Rac1 exd4 16. Nb5 Qe7 17. Nxd6 Qxd6 18. e3 Qe5 19. Bf4 Qf5 20. Rxd4 g5 21.
e4 Qg6 22. Bc7 Rfe8 23. Bxb6 axb6 24. Qxb6 Nxe4 25. Qxb7 Rxa2 26. Bxe4 Rxe4 27.
Qc8+ 1-0

[Event "DVM U20 2012"]
[Site "Osnabrück GER"]
[Date "2012.12.29"]
[Round "6"]
[White "Wendering, Leonard"]
[Black "Fichtner, Ewald"]
[Result "1-0"]
[Termination "normal"]
[Board "6.3"]
[WhiteElo "2009"]
[BlackElo "2041"]
[WhiteTeam "SC Heitersheim"]
[BlackTeam "SG Solingen"]
[WhiteFideId "1270637"]
[BlackFideId "1270194"]
[EventCountry "GER"]
[EventRounds "7"]
[EventType "team-swiss"]
[EventDate "2012.12.26"]

1. e4 c6 2. Nc3 d5 3. Qf3 dxe4 4. Nxe4 Nf6 5. Nxf6+ exf6 6. Bc4 Bd6 7. Ne2 O-O
8. O-O Nd7 9. d4 Nb6 10. Bb3 a5 11. c4 a4 12. Bc2 Bc7 13. Qd3 g6 14. b4 axb3
15. Bxb3 Re8 16. Bf4 Bf5 17. Qd1 Bxf4 18. Nxf4 Qc7 19. Qf3 Nd7 20. Rfe1 Qa5 21.
Re3 Kf8 22. g4 Rxe3 23. fxe3 Qc3 24. Rd1 Bc2 25. Rc1 Be4 26. Rxc3 Bxf3 27. h3
g5 28. Kf2 Be4 29. Nh5 Bb1 30. Rc1 Bg6 31. Ng3 Ra5 32. c5 Ra8 33. e4 Rd8 34.
Rc4 Rb8 35. Rb4 Ke7 36. a4 Kd8 37. Bc4 Kc7 38. Ke3 Rh8 39. Be2 Ra8 40. Nf5 Bxf5
41. gxf5 b6 42. cxb6+ Nxb6 43. Bd1 Ra5 44. Bb3 Ra8 45. Kf3 Ra5 46. Kg4 c5 47.
dxc5 Rxc5 48. Bxf7 Nd7 49. Bd5 Ne5+ 50. Kh5 Rc3 51. Rb3 Rxb3 52. Bxb3 Nd3 53.
Kh6 Nf2 54. e5 g4 55. exf6 gxh3 56. f7 Kc6 57. f8=Q h2 58. Qa8+ Kd7 59. Bd5 1-0

[Event "DVM U20 2012"]
[Site "Osnabrück GER"]
[Date "2012.12.29"]
[Round "6"]
[White "Wroblowski, Oliver"]
[Black "Boes, Julian"]
[Result "1-0"]
[Termination "normal"]
[Board "6.4"]
[WhiteElo "2088"]
[BlackElo "1779"]
[WhiteTeam "SG Solingen"]
[BlackTeam "SC Heitersheim"]
[WhiteFideId "24698679"]
[BlackFideId "12907723"]
[EventCountry "GER"]
[EventRounds "7"]
[EventType "team-swiss"]
[EventDate "2012.12.26"]

1. d4 d5 2. c4 e6 3. Nc3 Nf6 4. cxd5 exd5 5. Bg5 Be7 6. e3 O-O 7. Bd3 Nbd7 8.
Nf3 c6 9. h3 Re8 10. Bf4 Nf8 11. Qc2 Be6 12. O-O Ng6 13. Bh2 Bd6 14. Ne5 Qc7
15. f4 Bd7 16. Rac1 Rac8 17. Qe2 a6 18. g4 Rf8 19. g5 Ne8 20. Nxd5 Qd8 21. Nxd7
cxd5 22. Nxf8 Nxf8 23. Qg4 Rc7 24. f5 Bxh2+ 25. Kxh2 f6 26. h4 Nd7 27. Qf4 Rc8
28. e4 Nb6 29. e5 fxe5 30. Qxe5 Qd7 31. f6 gxf6 32. gxf6 Qf7 33. Rxc8 Nxc8 34.
Bf5 1-0

[Event "DVM U20 2012"]
[Site "Osnabrück GER"]
[Date "2012.12.29"]
[Round "6"]
[White "Schopferer, Markus"]
[Black "Shishkov, Mark"]
[Result "1/2-1/2"]
[Termination "normal"]
[Board "6.5"]
[WhiteElo "1606"]
[BlackElo "1842"]
[WhiteTeam "SC Heitersheim"]
[BlackTeam "SG Solingen"]
[WhiteFideId "1270636"]
[BlackFideId "12911682"]
[EventCountry "GER"]
[EventRounds "7"]
[EventType "team-swiss"]
[EventDate "2012.12.26"]

1. g3 e5 2. Bg2 Nc6 3. d3 d5 4. e3 Bd6 5. Nc3 d4 6. exd4 Nxd4 7. Nge2 Bg4 8.
O-O Qd7 9. f3 Bh3 10. Nxd4 Bxg2 11. Kxg2 exd4 12. Re1+ Ne7 13. Ne4 O-O 14. Nxd6
Qxd6 15. Bf4 Qd7 16. Re2 Ng6 17. Bd2 Rfe8 18. a3 Qc6 19. Rc1 Ne5 20. Rf2 Re6
21. Bf4 Rae8 22. Bxe5 Rxe5 23. c3 Qh6 24. Rcc2 dxc3 25. Rxc3 c6 26. d4 Rd8 27.
Rd3 Rh5 28. Kg1 Rhd5 29. b4 Qd6 30. Rfd2 h5 31. Kg2 b6 32. Qa4 Rd7 33. Rc2 Qg6
34. Rcd2 h4 35. Qc2 hxg3 36. hxg3 Qh6 37. g4 f5 38. Qd1 Rf7 39. Qe2 Qg6 40. Re3
fxg4 41. fxg4 Rg5 42. Kg3 Qd6+ 43. Kh4 Rg6 44. Re8+ Kh7 45. Re5 Rh6+ 46. Kg3
Qf6 47. Qe4+ Qg6 48. Qxg6+ Rxg6 49. Rh2+ Rh6 50. Rxh6+ gxh6 51. d5 cxd5 52.
Rxd5 Kg7 53. a4 Kh7 54. a5 bxa5 55. bxa5 Kg6 56. Kh4 Rf6 57. Rb5 Rf3 58. Rc5
1/2-1/2

[Event "DVM U20 2012"]
[Site "Osnabrück GER"]
[Date "2012.12.29"]
[Round "6"]
[White "Bashylin, Seva"]
[Black "Groß, Dennis"]
[Result "1/2-1/2"]
[Termination "normal"]
[Board "6.6"]
[WhiteElo "1684"]
[BlackElo "1516"]
[WhiteTeam "SG Solingen"]
[BlackTeam "SC Heitersheim"]
[WhiteFideId "24688045"]
[BlackFideId "1270638"]
[EventCountry "GER"]
[EventRounds "7"]
[EventType "team-swiss"]
[EventDate "2012.12.26"]

1. e4 e5 2. Nf3 Nf6 3. Nxe5 d6 4. Nf3 Nxe4 5. Nc3 Nf6 6. d4 d5 7. Bg5 Be6 8.
Bd3 Nc6 9. Ne5 a6 10. Ne2 Be7 11. f4 Ng4 12. Bxe7 Qxe7 13. Nxg4 Bxg4 14. c3
O-O-O 15. Qd2 Qf6 16. O-O Bf5 17. Qc2 Bxd3 18. Qxd3 Qd6 19. b4 Rde8 20. Ng3 Qe6
21. Kf2 Qh6 22. Kg1 Qe6 23. Rae1 Qh6 24. Qf5+ Kb8 25. Qxf7 Ref8 26. Qxd5 Rxf4
27. Re6 Rxf1+ 28. Nxf1 Qc1 29. Qf3 Qa1 30. Re2 Rd8 31. Qd3 Rf8 32. Rc2 Qb1 33.
Qe2 Rxf1+ 34. Qxf1 Qxc2 35. Qf8+ Ka7 36. Qc5+ Ka8 37. d5 Qd1+ 38. Kf2 Qd2+ 39.
Kf1 Qd1+ 40. Kf2 Qd2+ 1/2-1/2

[Event "DVM U20 2012"]
[Site "Osnabrück GER"]
[Date "2012.12.29"]
[Round "6"]
[White "Saran, Bajar"]
[Black "Carow, Johannes"]
[Result "1/2-1/2"]
[Termination "normal"]
[Board "7.1"]
[WhiteElo "1870"]
[BlackElo "2260"]
[WhiteTeam "SV Schott Jena"]
[BlackTeam "Sfr. Heidesheim"]
[WhiteFideId "24674702"]
[BlackFideId "24692050"]
[EventCountry "GER"]
[EventRounds "7"]
[EventType "team-swiss"]
[EventDate "2012.12.26"]

1. e4 c5 2. Ne2 e6 3. g3 a6 4. Bg2 b5 5. c3 Bb7 6. d4 cxd4 7. Nxd4 Nf6 8. Qd3
d6 9. O-O Nbd7 10. Nd2 Be7 11. Re1 Qc7 12. N2b3 O-O 13. a4 Nc5 14. Nxc5 dxc5
15. Nc2 c4 16. Qe2 Nd7 17. Be3 Ne5 18. Bf4 Qc5 19. Bxe5 Qxe5 20. Kh1 Rad8 21.
f4 Qc7 22. Red1 Rb8 23. axb5 axb5 24. e5 Rfc8 25. Rd2 Rd8 26. Rad1 Rxd2 27.
Rxd2 Bc5 28. Qd1 Kf8 29. h3 Ke8 30. Nd4 Rd8 31. Kh2 Bxd4 32. Rxd4 Rxd4 33. Qxd4
Bxg2 34. Kxg2 Qc6+ 35. Kh2 Qd5 36. Qf2 Qd3 37. Qg2 Qd5 1/2-1/2

[Event "DVM U20 2012"]
[Site "Osnabrück GER"]
[Date "2012.12.29"]
[Round "6"]
[White "Carow, Annelen"]
[Black "Osterloh, Felix"]
[Result "1-0"]
[Termination "normal"]
[Board "7.2"]
[WhiteElo "2009"]
[BlackElo "1760"]
[WhiteTeam "Sfr. Heidesheim"]
[BlackTeam "SV Schott Jena"]
[WhiteFideId "24692492"]
[BlackFideId "24615935"]
[EventCountry "GER"]
[EventRounds "7"]
[EventType "team-swiss"]
[EventDate "2012.12.26"]

1. d4 Nf6 2. c4 g6 3. Nc3 Bg7 4. e4 d6 5. f3 O-O 6. Be3 c5 7. Nge2 cxd4 8. Nxd4
Nc6 9. Be2 Bd7 10. O-O b6 11. Qd2 Qc7 12. Rac1 Qb7 13. a3 Rac8 14. b4 Rfd8 15.
Nb3 Be8 16. Bg5 e6 17. Rfd1 Qe7 18. f4 Qf8 19. Qe3 Ne7 20. Nd4 Rc7 21. e5 dxe5
22. fxe5 Nd7 23. Ncb5 Rcc8 24. Nxa7 Ra8 25. Nac6 Nxc6 26. Nxc6 f6 27. Nxd8 Rxd8
28. exf6 Bxf6 29. Qxe6+ Bf7 30. Qg4 Ne5 31. Qg3 Rxd1+ 32. Rxd1 Bxg5 33. Qxg5
Nc6 34. Qf6 Qe8 35. Kf2 Qe4 36. b5 Na5 37. Qd8+ Be8 38. Qd5+ 1-0

[Event "DVM U20 2012"]
[Site "Osnabrück GER"]
[Date "2012.12.29"]
[Round "6"]
[White "Seifert, Michael"]
[Black "Perske, Thore"]
[Result "0-1"]
[Termination "normal"]
[Board "7.3"]
[WhiteElo "1723"]
[BlackElo "2068"]
[WhiteTeam "SV Schott Jena"]
[BlackTeam "Sfr. Heidesheim"]
[WhiteFideId "12964301"]
[BlackFideId "12902195"]
[EventCountry "GER"]
[EventRounds "7"]
[EventType "team-swiss"]
[EventDate "2012.12.26"]

1. Nf3 Nf6 2. g3 g6 3. Bg2 Bg7 4. O-O O-O 5. d4 d6 6. c4 Nc6 7. Nc3 a6 8. e4
Bg4 9. h3 Bxf3 10. Bxf3 e5 11. d5 Nd4 12. Bg2 Nd7 13. Be3 c5 14. f4 Qa5 15. f5
Qb4 16. Qd2 Qxc4 17. g4 f6 18. Bh6 g5 19. Bxg7 Kxg7 20. h4 h6 21. Kf2 b5 22. b3
Qb4 23. hxg5 hxg5 24. Rh1 Rh8 25. Rac1 Rxh1 26. Rxh1 Rh8 27. Rxh8 Kxh8 28. Qe3
Kg7 29. Qh3 Nf8 30. Bf1 Nc2 31. Ne2 Qxe4 32. Bg2 Qb4 33. Qh5 Qe1+ 34. Kf3 e4+
0-1

[Event "DVM U20 2012"]
[Site "Osnabrück GER"]
[Date "2012.12.29"]
[Round "6"]
[White "Faldum, Manfred"]
[Black "Berkov, Mikhail"]
[Result "0-1"]
[Termination "normal"]
[Board "7.4"]
[WhiteElo "1919"]
[BlackElo "1796"]
[WhiteTeam "Sfr. Heidesheim"]
[BlackTeam "SV Schott Jena"]
[WhiteFideId "12921459"]
[BlackFideId "24678783"]
[EventCountry "GER"]
[EventRounds "7"]
[EventType "team-swiss"]
[EventDate "2012.12.26"]

1. Nf3 Nf6 2. g3 g6 3. c4 Bg7 4. Bg2 O-O 5. O-O c6 6. d3 d5 7. Nbd2 Na6 8. Rb1
Nc7 9. b4 dxc4 10. Nxc4 Ncd5 11. Bd2 Nb6 12. a4 Nxc4 13. dxc4 Bf5 14. Rc1 Ne4
15. Qe1 Nxd2 16. Nxd2 Bb2 17. b5 Bxc1 18. Qxc1 cxb5 19. cxb5 Rc8 20. Qe1 Rc2
21. Nb3 b6 22. Bf3 Bh3 0-1

[Event "DVM U20 2012"]
[Site "Osnabrück GER"]
[Date "2012.12.29"]
[Round "6"]
[White "Mauch, Johannes"]
[Black "Luzius, Jannik"]
[Result "1/2-1/2"]
[Termination "normal"]
[Board "7.5"]
[WhiteElo "1717"]
[BlackElo "1652"]
[WhiteTeam "SV Schott Jena"]
[BlackTeam "Sfr. Heidesheim"]
[WhiteFideId "24696927"]
[BlackFideId "1271981"]
[EventCountry "GER"]
[EventRounds "7"]
[EventType "team-swiss"]
[EventDate "2012.12.26"]

1. Nf3 g6 2. g3 Bg7 3. Bg2 d5 4. O-O Nf6 5. c4 c6 6. Qc2 Bf5 7. d3 O-O 8. b3
Re8 9. Bb2 Nbd7 10. Nd4 e6 11. Nc3 Rc8 12. Rab1 Qc7 13. Qd2 a6 14. h3 h5 15.
Rfc1 dxc4 16. bxc4 c5 17. Nxf5 exf5 18. Ba1 Rb8 19. Rb3 Re6 20. a4 b6 21. Nd5
Nxd5 22. Bxd5 Rd6 23. Qf4 Bxa1 24. Rxa1 Nf6 25. Bf3 Qd8 26. Rab1 Rd4 27. Qe5
Nd7 28. Qe3 a5 29. Qh6 Nf6 30. Qg5 Rd6 31. Qe3 Re6 32. Qxc5 Kh7 33. Qa3 Nd7
1/2-1/2

[Event "DVM U20 2012"]
[Site "Osnabrück GER"]
[Date "2012.12.29"]
[Round "6"]
[White "Spielberger, Moritz"]
[Black "Köhler, Daniel"]
[Result "1-0"]
[Termination "normal"]
[Board "7.6"]
[WhiteElo "1521"]
[BlackElo "1564"]
[WhiteTeam "Sfr. Heidesheim"]
[BlackTeam "SV Schott Jena"]
[WhiteFideId "12925950"]
[EventCountry "GER"]
[EventRounds "7"]
[EventType "team-swiss"]
[EventDate "2012.12.26"]

1. e4 e5 2. Bc4 Nf6 3. d3 c6 4. Nf3 d5 5. Bb3 Bg4 6. h3 Bxf3 7. Qxf3 dxe4 8.
dxe4 Bc5 9. O-O O-O 10. Bg5 Nbd7 11. Nc3 Qc7 12. Rad1 Rad8 13. Ne2 Be7 14. Ng3
Nc5 15. Rxd8 Rxd8 16. Nf5 Ncxe4 17. Nxe7+ Qxe7 18. Qxe4 1-0

[Event "DVM U20 2012"]
[Site "Osnabrück GER"]
[Date "2012.12.29"]
[Round "6"]
[White "Arndt, Dominik"]
[Black "Peng, Xiang-Tobias"]
[Result "1/2-1/2"]
[Termination "normal"]
[Board "8.1"]
[WhiteElo "1937"]
[BlackElo "1802"]
[WhiteTeam "SC Vaterstetten"]
[BlackTeam "Heilbronner SV"]
[WhiteFideId "24664090"]
[BlackFideId "12964328"]
[EventCountry "GER"]
[EventRounds "7"]
[EventType "team-swiss"]
[EventDate "2012.12.26"]

1. Nf3 Nf6 2. g3 d5 3. Bg2 Bf5 4. O-O e6 5. d3 Bd6 6. b3 Nbd7 7. Bb2 c5 8. c4
O-O 9. Nbd2 d4 10. Nh4 Rb8 11. Nxf5 exf5 12. Qc2 f4 13. Nf3 fxg3 14. hxg3 Re8
15. b4 b6 16. Ba3 Qc7 17. bxc5 bxc5 18. Rfb1 Ng4 19. Qd2 Rb6 20. Rxb6 Qxb6
1/2-1/2

[Event "DVM U20 2012"]
[Site "Osnabrück GER"]
[Date "2012.12.29"]
[Round "6"]
[White "Biefel, Christian"]
[Black "Borchert, Finn"]
[Result "0-1"]
[Termination "normal"]
[Board "8.2"]
[WhiteElo "1689"]
[BlackElo "1901"]
[WhiteTeam "Heilbronner SV"]
[BlackTeam "SC Vaterstetten"]
[WhiteFideId "24692646"]
[BlackFideId "4620720"]
[EventCountry "GER"]
[EventRounds "7"]
[EventType "team-swiss"]
[EventDate "2012.12.26"]

1. c4 Nf6 2. Nc3 g6 3. g3 Bg7 4. Bg2 O-O 5. e3 d6 6. Nge2 Nbd7 7. O-O e5 8. d4
Re8 9. Qc2 Qe7 10. b3 e4 11. Ba3 h5 12. Nb5 Nf8 13. c5 Qd7 14. Nbc3 d5 15. b4
c6 16. Rab1 h4 17. gxh4 Qg4 18. Ng3 Qxh4 19. f3 exf3 20. Rxf3 Ng4 21. h3 Nxe3
22. Qe2 Bxd4 23. Kh1 Bxh3 0-1

[Event "DVM U20 2012"]
[Site "Osnabrück GER"]
[Date "2012.12.29"]
[Round "6"]
[White "Nitsche-Hahn, Maxim"]
[Black "Thren, Christian"]
[Result "1/2-1/2"]
[Termination "normal"]
[Board "8.3"]
[WhiteElo "1861"]
[BlackElo "1530"]
[WhiteTeam "SC Vaterstetten"]
[BlackTeam "Heilbronner SV"]
[WhiteFideId "4613090"]
[BlackFideId "12964344"]
[EventCountry "GER"]
[EventRounds "7"]
[EventType "team-swiss"]
[EventDate "2012.12.26"]

1. d4 Nf6 2. Nf3 g6 3. e3 Bg7 4. Be2 O-O 5. O-O d6 6. b3 Nbd7 7. Bb2 c6 8. Nbd2
Re8 9. Nc4 b5 10. Ncd2 a6 11. c4 bxc4 12. Nxc4 c5 13. Rc1 Bb7 14. Bc3 cxd4 15.
Ba5 Qb8 16. Nxd4 d5 17. Nd2 Rc8 18. Rxc8+ Qxc8 19. Qc1 Qxc1 20. Rxc1 Rc8 21.
Rxc8+ Bxc8 1/2-1/2

[Event "DVM U20 2012"]
[Site "Osnabrück GER"]
[Date "2012.12.29"]
[Round "6"]
[White "Wenninger, Patrick"]
[Black "Heimbächer, Moritz"]
[Result "1-0"]
[Termination "normal"]
[Board "8.4"]
[WhiteElo "1650"]
[BlackElo "1807"]
[WhiteTeam "Heilbronner SV"]
[BlackTeam "SC Vaterstetten"]
[WhiteFideId "12927880"]
[BlackFideId "1270962"]
[EventCountry "GER"]
[EventRounds "7"]
[EventType "team-swiss"]
[EventDate "2012.12.26"]

1. d4 d5 2. c4 e6 3. Nc3 Nf6 4. cxd5 exd5 5. Bg5 Nbd7 6. e3 c6 7. Bd3 Be7 8.
Qc2 O-O 9. Nge2 b5 10. Ng3 h6 11. Bxf6 Nxf6 12. O-O Bb7 13. f3 a6 14. Rae1 Rc8
15. Qf2 c5 16. Kh1 cxd4 17. exd4 Bb4 18. Nge2 Re8 19. Rc1 Re7 20. a3 Bd6 21.
Rfe1 Qe8 22. Ng3 Rxe1+ 23. Rxe1 Qf8 24. Nb1 Rc6 25. Nf5 Bc8 26. Nxd6 Qxd6 27.
Nd2 Qc7 28. Nb3 Be6 29. Nc5 Qf4 30. Kg1 Nd7 31. b4 Bf5 32. Bxf5 Qxf5 33. Qe3
Rd6 34. Qe7 Nxc5 35. Qxd6 Nd3 36. Rf1 Qg5 37. f4 Qg4 38. Qxd5 Qe2 39. Qf3 Qc2
40. d5 Nb2 41. d6 Qf5 42. Qc6 Qe6 43. Qc5 Nc4 44. Rd1 Qe2 45. Qd5 Qe3+ 46. Kh1
Qe8 47. d7 Qd8 48. Qe4 Kf8 49. Qc6 Nb6 50. Qxb6 1-0

[Event "DVM U20 2012"]
[Site "Osnabrück GER"]
[Date "2012.12.29"]
[Round "6"]
[White "Süß, Christian"]
[Black "Wunder, Anton"]
[Result "1/2-1/2"]
[Termination "normal"]
[Board "8.5"]
[WhiteElo "1460"]
[BlackElo "1419"]
[WhiteTeam "SC Vaterstetten"]
[BlackTeam "Heilbronner SV"]
[WhiteFideId "12964280"]
[BlackFideId "12964352"]
[EventCountry "GER"]
[EventRounds "7"]
[EventType "team-swiss"]
[EventDate "2012.12.26"]

1. d4 Nf6 2. c4 g6 3. Nf3 Bg7 4. Nc3 d6 5. e4 O-O 6. Bd3 Nbd7 7. O-O e5 8. d5
Nc5 9. b4 Nxd3 10. Qxd3 Nh5 11. c5 f5 12. c6 bxc6 13. dxc6 Nf6 14. Qc4+ Kh8 15.
Ng5 Qe7 16. Nd5 Nxd5 17. exd5 e4 18. Rb1 Bf6 19. Nh3 a6 20. a4 Rb8 21. Re1 Be5
22. Bb2 Bxb2 23. Rxb2 Rb6 24. b5 axb5 25. axb5 Kg8 26. Rbe2 Re8 27. f3 Qh4 28.
fxe4 fxe4 29. Rxe4 Qxe1+ 30. Rxe1 Rxe1+ 31. Kf2 Rb1 32. Qe4 Rb2+ 33. Kf3 Bf5
34. Qe8+ Kg7 35. Qe7+ Kh6 36. Qg5+ 1/2-1/2